[Event "3. Open Internacional del Solsones"]
[Site "Solsona ESP"]
[Date "2005.08.12"]
[Round "1.2"]
[White "Castro, Francisco"]
[Black "Kazhgaleyev, Murtas"]
[Result "0-1"]
[WhiteElo "2052"]
[BlackElo "2619"]
[PlyCount "54"]
[EventDate "2005.08.12"]
[EventType "swiss"]
[EventRounds "9"]
[EventCountry "ESP"]
[Source "lmi"]
[SourceDate "2005.08.19"]

1. e4 c5 2. Nf3 d6 3. d4 cxd4 4. Nxd4 Nf6 5. Nc3 a6 6. Bc4 e6 7. Bb3 Nbd7 8.
Be3 Nc5 9. f3 Be7 10. g4 O-O 11. Qe2 Bd7 12. O-O-O b5 13. Rdg1 b4 14. Nd1 Nxb3+
15. axb3 a5 16. h4 a4 17. bxa4 e5 18. Nf5 Rxa4 19. h5 Bxf5 20. exf5 d5 21. Kd2
d4 22. Bf2 b3 23. Ke1 Nd5 24. Bg3 Ra1 25. cxb3 Bc5 26. Qd3 Qa5+ 27. Kf2 Nb4 0-1

[Event "3. Open Internacional del Solsones"]
[Site "Solsona ESP"]
[Date "2005.08.12"]
[Round "1.3"]
[White "Epishin, Vladimir"]
[Black "Pique Safont, Juan Manuel"]
[Result "1-0"]
[WhiteElo "2600"]
[BlackElo "2027"]
[PlyCount "52"]
[EventDate "2005.08.12"]
[EventType "swiss"]
[EventRounds "9"]
[EventCountry "ESP"]
[Source "lmi"]
[SourceDate "2005.08.19"]

1. d4 d5 2. c4 e5 3. dxe5 d4 4. Nf3 Nc6 5. g3 Nge7 6. Bg2 Ng6 7. O-O Ncxe5 8.
Nxe5 Nxe5 9. b3 Be7 10. Bb2 Bf6 11. Nd2 Bg4 12. Ne4 O-O 13. h3 Bh5 14. g4 Bxg4
15. hxg4 Nxg4 16. Nxf6+ Qxf6 17. Qxd4 Qg6 18. Qf4 f5 19. Rad1 Rae8 20. e3 Rf7
21. Rd4 Qh5 22. Rfd1 g5 23. Rd8 Rfe7 24. Bd5+ Rf7 25. Bg2 gxf4 26. Rxe8+ Rf8
1-0

[Event "3. Open Internacional del Solsones"]
[Site "Solsona ESP"]
[Date "2005.08.12"]
[Round "1.4"]
[White "Camacho Collados, Marcos"]
[Black "Macieja, Bartlomiej"]
[Result "0-1"]
[WhiteElo "2016"]
[BlackElo "2593"]
[PlyCount "39"]
[EventDate "2005.08.12"]
[EventType "swiss"]
[EventRounds "9"]
[EventCountry "ESP"]
[Source "lmi"]
[SourceDate "2005.08.19"]

1. e4 c5 2. Nf3 e6 3. d4 cxd4 4. Nxd4 Nc6 5. Nc3 Qc7 6. Be2 a6 7. O-O Nf6 8.
Be3 Bb4 9. Nxc6 bxc6 10. Na4 Be7 11. f3 d5 12. Qd4 Rb8 13. b3 Bd6 14. f4 e5 15.
Qb2 exf4 16. Bd4 dxe4 17. Rae1 O-O 18. Bxf6 gxf6 19. Qxf6 Be5 20. Qh6 0-1

[Event "3. Open Internacional del Solsones"]
[Site "Solsona ESP"]
[Date "2005.08.12"]
[Round "1.5"]
[White "Parligras, Mircea"]
[Black "Coll Ortega, Jordi"]
[Result "1-0"]
[WhiteElo "2571"]
[BlackElo "2006"]
[PlyCount "49"]
[EventDate "2005.08.12"]
[EventType "swiss"]
[EventRounds "9"]
[EventCountry "ESP"]
[Source "lmi"]
[SourceDate "2005.08.19"]

1. e4 e5 2. Nf3 Nc6 3. d4 exd4 4. Nxd4 Nf6 5. Nxc6 bxc6 6. e5 Qe7 7. Qe2 Nd5 8.
c4 Ba6 9. b3 g6 10. f4 Bg7 11. Qf2 Nb6 12. Ba3 d6 13. Nd2 O-O 14. O-O-O Nc8 15.
Bd3 f6 16. exd6 cxd6 17. Rhe1 Qf7 18. f5 Rd8 19. Re6 c5 20. Rde1 Bb7 21. Bb2 g5
22. Ne4 Bxe4 23. Bxe4 Rb8 24. Bd5 Rf8 25. Re8 1-0

[Event "3. Open Internacional del Solsones"]
[Site "Solsona ESP"]
[Date "2005.08.13"]
[Round "2.2"]
[White "Kazhgaleyev, Murtas"]
[Black "Camacho Collados, Jose"]
[Result "1-0"]
[WhiteElo "2619"]
[BlackElo "2236"]
[PlyCount "57"]
[EventDate "2005.08.12"]
[EventType "swiss"]
[EventRounds "9"]
[EventCountry "ESP"]
[Source "lmi"]
[SourceDate "2005.08.19"]

1. d4 Nf6 2. c4 g6 3. Nc3 Bg7 4. e4 d6 5. h3 O-O 6. Bg5 h6 7. Be3 a5 8. Bd3 Na6
9. Nge2 e5 10. d5 Nc5 11. Bc2 Ne8 12. Qd2 Kh7 13. g4 Bd7 14. f3 Qb8 15. Ng3 b5
16. cxb5 Bxb5 17. h4 Bd7 18. Rb1 Ra7 19. Nf5 gxf5 20. exf5 f6 21. g5 Qc8 22.
Rg1 Bxf5 23. gxh6 Bh8 24. Qg2 Bxc2 25. Qxc2+ e4 26. Bxc5 dxc5 27. Qxe4+ f5 28.
Qe7+ Bg7 29. Rxg7+ 1-0

[Event "3. Open Internacional del Solsones"]
[Site "Solsona ESP"]
[Date "2005.08.13"]
[Round "2.3"]
[White "Romon Poves, Raul"]
[Black "Epishin, Vladimir"]
[Result "1/2-1/2"]
[WhiteElo "2240"]
[BlackElo "2600"]
[PlyCount "64"]
[EventDate "2005.08.12"]
[EventType "swiss"]
[EventRounds "9"]
[EventCountry "ESP"]
[Source "lmi"]
[SourceDate "2005.08.19"]

1. d4 d5 2. c4 e6 3. Nc3 Be7 4. cxd5 exd5 5. Bf4 Nf6 6. e3 O-O 7. Nf3 b6 8. Bd3
Bb7 9. O-O c5 10. Ne5 Na6 11. Bxa6 Bxa6 12. Nc6 Qd7 13. Nxe7+ Qxe7 14. Re1 Qe6
15. h3 h6 16. Rc1 Rfc8 17. Be5 Ne4 18. Nxe4 dxe4 19. Qg4 Qxg4 20. hxg4 Bb7 21.
Red1 c4 22. d5 Rc5 23. Bd4 Rxd5 24. Rxc4 Rd7 25. Rdc1 f6 26. Kh2 Kf7 27. Rc7
Ke6 28. Kg3 Bd5 29. a3 Rf8 30. Rxd7 Kxd7 31. Kf4 Be6 32. Ra1 Ra8 1/2-1/2

[Event "3. Open Internacional del Solsones"]
[Site "Solsona ESP"]
[Date "2005.08.13"]
[Round "2.4"]
[White "Macieja, Bartlomiej"]
[Black "Gomez Luesia, Jesus"]
[Result "1-0"]
[WhiteElo "2593"]
[BlackElo "2190"]
[PlyCount "67"]
[EventDate "2005.08.12"]
[EventType "swiss"]
[EventRounds "9"]
[EventCountry "ESP"]
[Source "lmi"]
[SourceDate "2005.08.19"]

1. e4 e6 2. d4 d5 3. Nc3 Bb4 4. e5 c5 5. a3 Bxc3+ 6. bxc3 Qa5 7. Bd2 Qa4 8. Qb1
c4 9. g3 Nd7 10. Ne2 b5 11. Nf4 Ne7 12. Bh3 Nb6 13. Nh5 Rg8 14. O-O Bd7 15. Qd1
O-O-O 16. Ra2 Qa5 17. Qf3 Rdf8 18. Nxg7 f5 19. Nh5 Na4 20. Nf6 Rg6 21. Raa1 Be8
22. Nxh7 Rh8 23. Nf6 Rxh3 24. Nxe8 Rg8 25. Nd6+ Kd7 26. Kg2 Rgh8 27. Rh1 Ng6
28. Nxf5 Qd8 29. Qg4 Qg8 30. Ne3 Qh7 31. Nxd5 Rxh2+ 32. Rxh2 Qxh2+ 33. Kf3 Rg8
34. Ke4 1-0

[Event "3. Open Internacional del Solsones"]
[Site "Solsona ESP"]
[Date "2005.08.13"]
[Round "2.5"]
[White "Barrenechea Bahamonde, Gustavo"]
[Black "Parligras, Mircea"]
[Result "0-1"]
[WhiteElo "2176"]
[BlackElo "2571"]
[PlyCount "86"]
[EventDate "2005.08.12"]
[EventType "swiss"]
[EventRounds "9"]
[EventCountry "ESP"]
[Source "lmi"]
[SourceDate "2005.08.19"]

1. e4 g6 2. d4 Bg7 3. Nc3 d6 4. h3 Nd7 5. Be3 a6 6. a4 b6 7. Nf3 Bb7 8. Qd2 e6
9. Bd3 h6 10. O-O Ne7 11. Ne2 d5 12. e5 Nf5 13. Bf4 c5 14. c3 c4 15. Bc2 b5 16.
b4 cxb3 17. Bxb3 Nb6 18. axb5 axb5 19. Qb2 O-O 20. Bc2 Bc6 21. Rxa8 Qxa8 22.
Ra1 Qb7 23. Bd3 Nc4 24. Qa2 Qb6 25. Qb3 Rb8 26. g4 Ne7 27. Ne1 Rf8 28. Qb4 Qb7
29. Qc5 Nc8 30. Nc2 N8b6 31. Qb4 Nd7 32. Be3 Qb6 33. Qe7 Rb8 34. Nb4 Bf8 35.
Qh4 Nxe3 36. fxe3 Bxb4 37. cxb4 Nxe5 38. Rf1 Nxd3 39. Qxh6 Be8 40. Ng3 Qd8 41.
Nh5 gxh5 42. gxh5 Rc8 43. Kh1 Rc1 0-1

[Event "3. Open Internacional del Solsones"]
[Site "Solsona ESP"]
[Date "2005.08.13"]
[Round "3.1"]
[White "Tiviakov, Sergei"]
[Black "Almeida, Omar"]
[Result "1/2-1/2"]
[WhiteElo "2678"]
[BlackElo "2462"]
[PlyCount "23"]
[EventDate "2005.08.12"]
[EventType "swiss"]
[EventRounds "9"]
[EventCountry "ESP"]
[Source "lmi"]
[SourceDate "2005.08.19"]

1. e4 d5 2. exd5 Qxd5 3. Nc3 Qd6 4. d4 Nf6 5. Nf3 a6 6. g3 Bg4 7. h3 Bh5 8. Bg2
Nc6 9. O-O O-O-O 10. Bf4 Qb4 11. d5 e6 12. a3 1/2-1/2

[Event "3. Open Internacional del Solsones"]
[Site "Solsona ESP"]
[Date "2005.08.13"]
[Round "3.2"]
[White "Neelotpal, Das"]
[Black "Kazhgaleyev, Murtas"]
[Result "1-0"]
[WhiteElo "2467"]
[BlackElo "2619"]
[PlyCount "89"]
[EventDate "2005.08.12"]
[EventType "swiss"]
[EventRounds "9"]
[EventCountry "ESP"]
[Source "lmi"]
[SourceDate "2005.08.19"]

1. e4 e5 2. Nf3 Nc6 3. Bb5 a6 4. Ba4 Nf6 5. O-O Be7 6. Re1 b5 7. Bb3 d6 8. c3
O-O 9. h3 Na5 10. Bc2 c5 11. d4 Nd7 12. Nbd2 exd4 13. cxd4 Nc6 14. d5 Nce5 15.
a4 Bb7 16. Nxe5 Nxe5 17. f4 Ng6 18. Nf3 Bh4 19. Rf1 Bg3 20. f5 Ne5 21. Ng5 Nd7
22. axb5 h6 23. Ra3 Be5 24. Nf3 Bf6 25. b6 Qxb6 26. Nh2 Rfe8 27. Ng4 Bd4+ 28.
Kh1 Nf6 29. Rg3 Kf8 30. Be3 Bxe3 31. Nxf6 gxf6 32. Rxe3 c4 33. Rc3 Rac8 34. Qd2
h5 35. Re1 a5 36. Bd1 h4 37. Qh6+ Ke7 38. e5 dxe5 39. Rxe5+ Kd8 40. Rxe8+ Kxe8
41. Ba4+ Ke7 42. Re3+ Kd6 43. Qxf6+ Kc5 44. Qe7+ Kd4 45. Re1 1-0

[Event "3. Open Internacional del Solsones"]
[Site "Solsona ESP"]
[Date "2005.08.13"]
[Round "3.3"]
[White "Pogorelov, Ruslan"]
[Black "Macieja, Bartlomiej"]
[Result "1/2-1/2"]
[WhiteElo "2442"]
[BlackElo "2593"]
[PlyCount "68"]
[EventDate "2005.08.12"]
[EventType "swiss"]
[EventRounds "9"]
[EventCountry "ESP"]
[Source "lmi"]
[SourceDate "2005.08.19"]

1. c4 c5 2. d4 g6 3. Nf3 Bg7 4. e4 d6 5. Nc3 Bg4 6. d5 Bxf3 7. Qxf3 Nf6 8. Bd3
O-O 9. O-O Nbd7 10. Qe2 a6 11. Rb1 e6 12. Bf4 exd5 13. exd5 Re8 14. Qd2 Ne5 15.
Be2 Qd7 16. h3 Rab8 17. a4 Qc7 18. Rfe1 Qb6 19. Qc2 Re7 20. Bd2 Rbe8 21. f4
Ned7 22. Bf3 h5 23. g4 hxg4 24. hxg4 Rxe1+ 25. Rxe1 Rxe1+ 26. Bxe1 Qb4 27. g5
Nh7 28. Qe2 Nb6 29. Ne4 Qxa4 30. Nxd6 Qd7 31. Ne4 Qh3 32. b3 Bd4+ 33. Bf2 Bxf2+
34. Qxf2 Nd7 1/2-1/2

[Event "3. Open Internacional del Solsones"]
[Site "Solsona ESP"]
[Date "2005.08.13"]
[Round "3.4"]
[White "Parligras, Mircea"]
[Black "Vehi Bach, Victor Manuel"]
[Result "1-0"]
[WhiteElo "2571"]
[BlackElo "2404"]
[PlyCount "55"]
[EventDate "2005.08.12"]
[EventType "swiss"]
[EventRounds "9"]
[EventCountry "ESP"]
[Source "lmi"]
[SourceDate "2005.08.19"]

1. e4 c5 2. Nf3 e6 3. d4 cxd4 4. Nxd4 Nf6 5. Nc3 d6 6. g4 h6 7. Be3 Nc6 8. f3
Bd7 9. Qd2 Nxd4 10. Bxd4 Qa5 11. h4 Rc8 12. Rg1 e5 13. Be3 g6 14. g5 hxg5 15.
hxg5 Nh5 16. O-O-O a6 17. Rh1 Be6 18. a3 Be7 19. Kb1 Kf8 20. Bh3 Kg7 21. Rdg1
Nf4 22. Bxf4 Rxh3 23. Rxh3 Bxh3 24. Be3 Be6 25. f4 Rh8 26. f5 gxf5 27. exf5
Bxf5 28. Qf2 1-0

[Event "3. Open Internacional del Solsones"]
[Site "Solsona ESP"]
[Date "2005.08.13"]
[Round "3.5"]
[White "Horvath, Csaba"]
[Black "LLorente Zaro, Alfonso"]
[Result "1-0"]
[WhiteElo "2452"]
[BlackElo "2355"]
[PlyCount "65"]
[EventDate "2005.08.12"]
[EventType "swiss"]
[EventRounds "9"]
[EventCountry "ESP"]
[Source "lmi"]
[SourceDate "2005.08.19"]

1. d4 Nf6 2. c4 g6 3. Nc3 Bg7 4. e4 d6 5. Be2 O-O 6. Bg5 c5 7. d5 h6 8. Bf4
Nbd7 9. Qd2 Kh7 10. h3 a6 11. Nf3 Ne5 12. Nxe5 dxe5 13. Be3 Qd6 14. O-O Bd7 15.
a3 a5 16. b3 b6 17. Rab1 e6 18. Rfd1 Rab8 19. Qc2 Rfc8 20. Rd2 exd5 21. cxd5 b5
22. a4 c4 23. axb5 cxb3 24. Qxb3 Qb4 25. Rd3 Qxb3 26. Rxb3 Bf8 27. Rd1 Bb4 28.
Rc1 Bxc3 29. Rbxc3 Rxc3 30. Rxc3 Nxe4 31. Rc7 Rd8 32. b6 Bc8 33. b7 1-0

[Event "3. Open Internacional del Solsones"]
[Site "Solsona ESP"]
[Date "2005.08.14"]
[Round "4.1"]
[White "Rotstein, Arkadij"]
[Black "Parligras, Mircea"]
[Result "1/2-1/2"]
[WhiteElo "2520"]
[BlackElo "2571"]
[PlyCount "97"]
[EventDate "2005.08.12"]
[EventType "swiss"]
[EventRounds "9"]
[EventCountry "ESP"]
[Source "lmi"]
[SourceDate "2005.08.19"]

1. d4 Nf6 2. c4 e6 3. g3 c5 4. d5 exd5 5. cxd5 d6 6. Bg2 g6 7. Nc3 Bg7 8. Nf3
O-O 9. O-O Re8 10. Nd2 a6 11. a4 Nbd7 12. h3 Rb8 13. Nc4 Ne5 14. Na3 Nh5 15. e4
Bd7 16. f4 Nxg3 17. fxe5 Nxf1 18. Qxf1 Bxe5 19. Nc4 Bd4+ 20. Kh1 Bxa4 21. Bf4
Bxc3 22. Nxd6 Bb5 23. Nxb5 Be5 24. Bxe5 Rxe5 25. Na3 b5 26. Nc2 Qd6 27. Ne3 h5
28. Qf4 Rb6 29. Rf1 Re7 30. Qg5 Kh7 31. Nf5 gxf5 32. Rxf5 f6 33. Qxh5+ Kg8 34.
Qh6 Rh7 35. Qg6+ Rg7 36. Qe8+ Qf8 37. Qh5 Qf7 38. Qf3 Qg6 39. Kh2 c4 40. Qf2
Rd6 41. Bf3 Qh6 42. Bg2 Qg6 43. Bf3 b4 44. Bg4 Qe8 45. Qc5 Qb8 46. e5 fxe5 47.
Qxc4 e4 48. Kg2 Qe8 49. Qd4 1/2-1/2

[Event "3. Open Internacional del Solsones"]
[Site "Solsona ESP"]
[Date "2005.08.14"]
[Round "4.2"]
[White "Gonzalez, Yuri"]
[Black "Horvath, Csaba"]
[Result "1/2-1/2"]
[WhiteElo "2495"]
[BlackElo "2452"]
[PlyCount "28"]
[EventDate "2005.08.12"]
[EventType "swiss"]
[EventRounds "9"]
[EventCountry "ESP"]
[Source "lmi"]
[SourceDate "2005.08.19"]

1. e4 c5 2. Nf3 e6 3. d4 cxd4 4. Nxd4 Nc6 5. Nc3 a6 6. Be3 Nf6 7. Qd2 Bb4 8. f3
d5 9. a3 Qa5 10. Nxc6 bxc6 11. Bd4 Be7 12. exd5 cxd5 13. f4 O-O 14. g3 Bd7
1/2-1/2

[Event "3. Open Internacional del Solsones"]
[Site "Solsona ESP"]
[Date "2005.08.14"]
[Round "4.3"]
[White "Macieja, Bartlomiej"]
[Black "Neelotpal, Das"]
[Result "1-0"]
[WhiteElo "2593"]
[BlackElo "2467"]
[PlyCount "85"]
[EventDate "2005.08.12"]
[EventType "swiss"]
[EventRounds "9"]
[EventCountry "ESP"]
[Source "lmi"]
[SourceDate "2005.08.19"]

1. e4 e5 2. Nf3 Nf6 3. d4 Nxe4 4. Bd3 d5 5. Nxe5 Nd7 6. Nxd7 Bxd7 7. O-O Bd6 8.
c4 c6 9. cxd5 cxd5 10. Nc3 Nxc3 11. bxc3 O-O 12. Qh5 f5 13. Qf3 Kh8 14. Bf4 Qc7
15. Bxd6 Qxd6 16. Bc2 Rae8 17. Rfe1 g6 18. h4 h5 19. c4 Qb4 20. Rxe8 Rxe8 21.
Qf4 Kh7 22. cxd5 Qb2 23. Rc1 Re2 24. Bxf5 Rxf2 25. Bxg6+ Kxg6 26. Qg5+ Kh7 27.
Qxh5+ Kg8 28. Qg5+ Kh7 29. Rc7 Qxd4 30. Rxd7+ Rf7+ 31. Kh2 Rxd7 32. Qf5+ Kg8
33. Qxd7 Qxh4+ 34. Qh3 Qe7 35. Qg4+ Kf7 36. Qf5+ Qf6 37. g4 b5 38. Kg3 b4 39.
Kf4 a5 40. Qxf6+ Kxf6 41. g5+ Ke7 42. Ke4 a4 43. Kd3 1-0

[Event "3. Open Internacional del Solsones"]
[Site "Solsona ESP"]
[Date "2005.08.14"]
[Round "4.4"]
[White "Barrientos Chavarriaga, Sergio"]
[Black "Tiviakov, Sergei"]
[Result "1/2-1/2"]
[WhiteElo "2433"]
[BlackElo "2678"]
[PlyCount "129"]
[EventDate "2005.08.12"]
[EventType "swiss"]
[EventRounds "9"]
[EventCountry "ESP"]
[Source "lmi"]
[SourceDate "2005.08.19"]

1. e4 c5 2. Nf3 Nc6 3. d4 cxd4 4. Nxd4 e5 5. Nb5 a6 6. N5a3 d6 7. Nc3 Be7 8.
Nc4 b5 9. Ne3 Nf6 10. Bd3 O-O 11. O-O Be6 12. a4 b4 13. Ncd5 a5 14. c3 Rb8 15.
Qf3 bxc3 16. bxc3 Bxd5 17. exd5 g6 18. Bb5 e4 19. Qd1 Ne5 20. c4 Nfd7 21. Nc2
Bg5 22. Ba3 Nc5 23. Bxc5 dxc5 24. Qe2 Bf4 25. Qxe4 Qh4 26. g3 Bxg3 27. Qxh4
Bxh4 28. f4 Ng4 29. Rad1 Rfd8 30. Rf3 Be7 31. Na1 Bd6 32. Nb3 Ra8 33. Rb1 Nf6
34. Bc6 Rab8 35. Rff1 Bc7 36. Nxc5 Bb6 37. Rxb6 Rxb6 38. Bb5 Rc8 39. Nb3 Rxb5
40. cxb5 Nxd5 41. Rd1 Nb6 42. Rd4 Rc2 43. Nxa5 Ra2 44. Nc4 Nxa4 45. Rd8+ Kg7
46. Ra8 Kf6 47. b6 Nxb6 48. Rxa2 Nxc4 49. Kf2 Nd6 50. Ra6 Ke7 51. Ke3 Nf5+ 52.
Ke4 Kf8 53. Rf6 Nh6 54. h3 Kg7 55. Ke5 Ng8 56. Ra6 Nh6 57. Ra8 Nf5 58. Rc8 Ne7
59. Rc7 Nf5 60. Rc6 Ne7 61. Rf6 Ng8 62. Ra6 Nh6 63. h4 Nf5 64. h5 Ng3 65. hxg6
1/2-1/2

[Event "3. Open Internacional del Solsones"]
[Site "Solsona ESP"]
[Date "2005.08.14"]
[Round "4.5"]
[White "Zimmerman, Yuri"]
[Black "Epishin, Vladimir"]
[Result "1/2-1/2"]
[WhiteElo "2375"]
[BlackElo "2600"]
[PlyCount "40"]
[EventDate "2005.08.12"]
[EventType "swiss"]
[EventRounds "9"]
[EventCountry "ESP"]
[Source "lmi"]
[SourceDate "2005.08.19"]

1. d4 Nf6 2. c4 e6 3. Nf3 b6 4. a3 Bb7 5. Nc3 d5 6. Bg5 Be7 7. cxd5 exd5 8.
Qa4+ c6 9. e3 Nbd7 10. Bd3 O-O 11. O-O Re8 12. Rad1 h6 13. Bxf6 Nxf6 14. Ne5 b5
15. Qc2 a5 16. Rc1 Bd6 17. f4 Rc8 18. Qf2 Rc7 19. Qh4 Nd7 20. Qh5 Nf6 1/2-1/2

[Event "3. Open Internacional del Solsones"]
[Site "Solsona ESP"]
[Date "2005.08.15"]
[Round "5.1"]
[White "Rotstein, Arkadij"]
[Black "Macieja, Bartlomiej"]
[Result "1-0"]
[WhiteElo "2520"]
[BlackElo "2593"]
[PlyCount "105"]
[EventDate "2005.08.12"]
[EventType "swiss"]
[EventRounds "9"]
[EventCountry "ESP"]
[Source "lmi"]
[SourceDate "2005.08.19"]

1. Nf3 c5 2. c4 Nc6 3. Nc3 Nf6 4. d4 cxd4 5. Nxd4 e6 6. a3 Be7 7. e4 O-O 8. Nc2
b6 9. f4 d6 10. Bd3 Nd7 11. b4 Bh4+ 12. g3 Bf6 13. Bb2 Bb7 14. O-O a5 15. Rb1
axb4 16. axb4 Nd4 17. Ne3 g6 18. Rf2 Bg7 19. Bf1 e5 20. Qd3 Nf6 21. Bg2 Nc6 22.
Nc2 Qe7 23. Nd5 Nxd5 24. exd5 Nb8 25. fxe5 Bxe5 26. Bxe5 Qxe5 27. Re1 Qg5 28.
h4 Qd8 29. Nd4 Nd7 30. Nc6 Bxc6 31. dxc6 Ne5 32. Qc3 Qc7 33. b5 f6 34. Rd1 Kg7
35. Rfd2 Rfd8 36. Qb4 Nf7 37. Kh2 h5 38. Qb3 Ne5 39. Kg1 Kf8 40. Rf1 Kg7 41.
Rdf2 Rf8 42. Bd5 Ng4 43. Re2 Rfe8 44. Rfe1 Rxe2 45. Rxe2 Ra1+ 46. Kg2 Qa7 47.
Bf3 Ne5 48. Be4 Ra4 49. c7 Qxc7 50. Qxa4 Qc5 51. Bd5 g5 52. hxg5 fxg5 53. Qa7+
1-0

[Event "3. Open Internacional del Solsones"]
[Site "Solsona ESP"]
[Date "2005.08.15"]
[Round "5.2"]
[White "Parligras, Mircea"]
[Black "Gonzalez, Yuri"]
[Result "1-0"]
[WhiteElo "2571"]
[BlackElo "2495"]
[PlyCount "121"]
[EventDate "2005.08.12"]
[EventType "swiss"]
[EventRounds "9"]
[EventCountry "ESP"]
[Source "lmi"]
[SourceDate "2005.08.19"]

1. e4 e5 2. Nf3 Nc6 3. Bb5 a6 4. Ba4 Nf6 5. O-O Be7 6. Re1 b5 7. Bb3 d6 8. c3
O-O 9. h3 h6 10. d4 Re8 11. Nbd2 Bf8 12. Nf1 Bb7 13. Ng3 Na5 14. Bc2 Nc4 15. b3
Nb6 16. a4 bxa4 17. bxa4 a5 18. Bd3 Ba6 19. Bxa6 Rxa6 20. dxe5 dxe5 21. Qxd8
Rxd8 22. Nxe5 Bd6 23. Bf4 g5 24. Ng4 Nxg4 25. Bxd6 Rxd6 26. hxg4 Rc6 27. e5 Ra8
28. Nf5 Re8 29. Re4 Kh7 30. Rae1 Rc4 31. Rxc4 Nxc4 32. Re4 Nb6 33. g3 Nd5 34.
Rc4 Rxe5 35. Rc5 Re1+ 36. Kg2 Rd1 37. c4 Nf6 38. Kf3 Ra1 39. Rxa5 Nd7 40. Ne3
Ra2 41. Ra7 Nc5 42. Rxc7 Nd3 43. Rxf7+ Kg6 44. Ra7 Rxf2+ 45. Ke4 Rd2 46. Rc7
Nf2+ 47. Kf3 Nd3 48. a5 Ra2 49. Ra7 Nc5 50. Nf5 Ra3+ 51. Ke2 h5 52. Rc7 Ra2+
53. Kd1 Ne4 54. Rc6+ Kh7 55. gxh5 Rxa5 56. Rc7+ Kh8 57. Ne7 Ra6 58. c5 Nxg3 59.
c6 Ne4 60. Ng6+ Kg8 61. h6 1-0

[Event "3. Open Internacional del Solsones"]
[Site "Solsona ESP"]
[Date "2005.08.15"]
[Round "5.3"]
[White "Horvath, Csaba"]
[Black "Almeida, Omar"]
[Result "1-0"]
[WhiteElo "2452"]
[BlackElo "2462"]
[PlyCount "50"]
[EventDate "2005.08.12"]
[EventType "swiss"]
[EventRounds "9"]
[EventCountry "ESP"]
[Source "lmi"]
[SourceDate "2005.08.19"]

1. d4 e6 2. Nf3 c5 3. c4 Nf6 4. d5 exd5 5. cxd5 d6 6. Nc3 a6 7. a4 g6 8. h3 Qe7
9. Bf4 Bg7 10. Nd2 O-O 11. Nc4 Rd8 12. e3 Ne8 13. Bd3 Nd7 14. O-O Ne5 15. Bxe5
Bxe5 16. f4 Bg7 17. Qf3 Rb8 18. a5 Bd7 19. Nb6 Nc7 20. f5 Be5 21. Nc4 Bxc3 22.
bxc3 Nxd5 23. Qxd5 Bc6 24. f6 Qxf6 25. Rxf6 Bxd5 1-0

[Event "3. Open Internacional del Solsones"]
[Site "Solsona ESP"]
[Date "2005.08.15"]
[Round "5.4"]
[White "Tiviakov, Sergei"]
[Black "Vehi Bach, Victor Manuel"]
[Result "1-0"]
[WhiteElo "2678"]
[BlackElo "2404"]
[PlyCount "99"]
[EventDate "2005.08.12"]
[EventType "swiss"]
[EventRounds "9"]
[EventCountry "ESP"]
[Source "lmi"]
[SourceDate "2005.08.19"]

1. e4 c5 2. Nf3 e6 3. c3 Nf6 4. e5 Nd5 5. Bc4 d6 6. exd6 Bxd6 7. d4 cxd4 8.
Qxd4 O-O 9. O-O Nc6 10. Qe4 Nf6 11. Qe2 Qc7 12. Nbd2 Ng4 13. h3 Nge5 14. Bb3
Nxf3+ 15. Nxf3 Ne5 16. Ng5 Ng6 17. Qh5 h6 18. Nxe6 Bxe6 19. Bxe6 Nf4 20. Bxf4
Bxf4 21. Bd5 Rad8 22. Rad1 b6 23. h4 Rd7 24. Rd3 Qe5 25. Qf3 h5 26. Rfd1 g6 27.
g3 Bh6 28. Bc4 Rxd3 29. Rxd3 Qc7 30. Qd5 Re8 31. Rf3 Re7 32. Rf6 Kg7 33. Rc6
Qd7 34. Qf3 Bc1 35. Qf6+ Kh7 36. Rd6 Qc7 37. b3 Ba3 38. Rd3 Qe5 39. Qxe5 Rxe5
40. Bxf7 a5 41. Kf1 Bc5 42. Bc4 Rf5 43. f4 Kg7 44. Rd7+ Kf8 45. Ke2 Rf6 46. a4
Rd6 47. Rf7+ Ke8 48. Rc7 Kf8 49. Rf7+ Ke8 50. f5 1-0

[Event "3. Open Internacional del Solsones"]
[Site "Solsona ESP"]
[Date "2005.08.15"]
[Round "5.5"]
[White "Kazhgaleyev, Murtas"]
[Black "Zimmerman, Yuri"]
[Result "1-0"]
[WhiteElo "2619"]
[BlackElo "2375"]
[PlyCount "125"]
[EventDate "2005.08.12"]
[EventType "swiss"]
[EventRounds "9"]
[EventCountry "ESP"]
[Source "lmi"]
[SourceDate "2005.08.19"]

1. d4 d6 2. c4 g6 3. Nc3 Bg7 4. e4 Nf6 5. h3 O-O 6. Bg5 Na6 7. Bd3 e5 8. d5 c6
9. Nge2 Nc5 10. Bc2 a5 11. O-O Bd7 12. Rb1 cxd5 13. exd5 Qb6 14. b3 Rfc8 15.
Be3 Qc7 16. f4 exf4 17. Bxf4 Nh5 18. Be3 Re8 19. Bd4 f5 20. Bxg7 Nxg7 21. Nd4
Re5 22. Nf3 Re3 23. Qd4 Rae8 24. Ng5 R8e5 25. Nf3 Re8 26. Rbe1 Rxe1 27. Rxe1
Rxe1+ 28. Nxe1 Qd8 29. a3 Nh5 30. Kf2 Qf6 31. Qxf6 Nxf6 32. Ke3 Kf8 33. Kd4 Ke7
34. b4 axb4 35. axb4 Na6 36. Nd3 b6 37. Na4 Bxa4 38. Bxa4 Ne4 39. Bc6 Kd8 40.
Bb5 Nc7 41. Ba4 Ne8 42. Nf4 Nc7 43. Bc2 Nf6 44. Bd3 Ke7 45. Bc2 Na6 46. Kc3 Nc7
47. Ne2 b5 48. cxb5 Nfxd5+ 49. Kd4 Nxb4 50. Bb3 Nxb5+ 51. Kc4 Nc6 52. Kxb5 Ne5
53. Kb4 g5 54. Kc3 Kf6 55. Kd4 h5 56. Nc3 g4 57. h4 f4 58. Nd5+ Kg7 59. Nxf4
Kh6 60. Ba4 Kg7 61. Nd5 Kg6 62. Bc2+ Kg7 63. Ne3 1-0

[Event "3. Open Internacional del Solsones"]
[Site "Solsona ESP"]
[Date "2005.08.16"]
[Round "6.1"]
[White "Horvath, Csaba"]
[Black "Parligras, Mircea"]
[Result "1/2-1/2"]
[WhiteElo "2452"]
[BlackElo "2571"]
[PlyCount "44"]
[EventDate "2005.08.12"]
[EventType "swiss"]
[EventRounds "9"]
[EventCountry "ESP"]
[Source "lmi"]
[SourceDate "2005.08.19"]

1. d4 Nf6 2. c4 e6 3. Nc3 Bb4 4. Qc2 d5 5. cxd5 Qxd5 6. e3 c5 7. Bd2 Bxc3 8.
Bxc3 cxd4 9. Bxd4 Nc6 10. Bc3 Bd7 11. Nf3 Rc8 12. a3 Ne7 13. Be2 O-O 14. O-O
Bb5 15. Rad1 Qc5 16. Bxb5 Qxb5 17. e4 Ng6 18. Nd4 Qg5 19. f3 Rfd8 20. Qf2 Nf4
21. Kh1 Qc5 22. Qe3 Ng6 1/2-1/2

[Event "3. Open Internacional del Solsones"]
[Site "Solsona ESP"]
[Date "2005.08.16"]
[Round "6.4"]
[White "Kazhgaleyev, Murtas"]
[Black "Dunis, Aurelien"]
[Result "0-1"]
[WhiteElo "2619"]
[BlackElo "2485"]
[PlyCount "42"]
[EventDate "2005.08.12"]
[EventType "swiss"]
[EventRounds "9"]
[EventCountry "ESP"]
[Source "lmi"]
[SourceDate "2005.08.19"]

1. d4 d5 2. c4 c6 3. Nf3 Nf6 4. e3 Bf5 5. Nc3 e6 6. Nh4 Bg6 7. Nxg6 hxg6 8. Qb3
Qc7 9. Bd2 Nbd7 10. h3 Be7 11. Be2 O-O 12. cxd5 cxd5 13. O-O Qb6 14. Rfc1 Rfc8
15. Qd1 Qd8 16. Na4 Ne4 17. Be1 Rxc1 18. Rxc1 Rc8 19. Rb1 Nd6 20. Bd3 Rc6 21.
Nc3 Qc8 0-1